Microorganismos benéficos asociados a especies forestales: (Registro nro. 19416)

Detalles MARC
000 -CABECERA
Campo de control 00860nam a2200241 a 4500
005 - FECHA Y HORA DE LA ULTIMA TRANSACCION
Campo de control 20191224042322.0
008 - ELEMENTOS DE LONGITUD FIJA—INFORMACION GENERAL
Campo de control 140120b1996 ck ||||| |||| 00| 0 spa d
040 ## - FUENTE DE CATALOGACIÓN
Agencia catalogadora original CO-BoIH
Agencia transcriptora CO-BoIH
041 ## - IDIOMA
Código de idioma para texto/pista de sonido o título separado Español
090 ## - CLASIFICACIÓN LOCAL
Colección IAVH
Consecutivo 0029
100 ## - ASIENTO PRINCIPAL--NOMBRE PERSONAL
Nombre personal Orozco Jaramillo, Cielo
9 (RLIN) 4168
245 1# - MENCION DE TITULO
Título Microorganismos benéficos asociados a especies forestales:
Parte restante del título propagación y evaluación de Boletus edulis y fijadores de nitrógeno en Pinus patula
260 ## - PUBLICACION, DISTRIBUCION, ETC. (PIE DE IMPRENTA)
Lugar de publicación, distribución, etc. Bogotá
Nombre del editor, distribuidor, etc. Instituto Alexander von Humboldt
-- COLCIENCIAS
Fecha de publicación, distribución, etc. 1996
300 ## - DESCRIPCION FISICA
Extensión 137 paginas
650 14 - ASIENTO SECUNDARIO DE MATERIA - TERMINO TEMATICO
Término temático o nombre geográfico como elemento de entrada Microorganismos
9 (RLIN) 4169
650 14 - ASIENTO SECUNDARIO DE MATERIA - TERMINO TEMATICO
Término temático o nombre geográfico como elemento de entrada Especies forestales
9 (RLIN) 92707
650 14 - ASIENTO SECUNDARIO DE MATERIA - TERMINO TEMATICO
Término temático o nombre geográfico como elemento de entrada Propagación artificial
9 (RLIN) 4170
650 14 - ASIENTO SECUNDARIO DE MATERIA - TERMINO TEMATICO
Término temático o nombre geográfico como elemento de entrada Fijación de nitrógeno
9 (RLIN) 4171
650 14 - ASIENTO SECUNDARIO DE MATERIA - TERMINO TEMATICO
Término temático o nombre geográfico como elemento de entrada Pinus patula
9 (RLIN) 80477
700 ## - ASIENTO SECUNDARIO - NOMBRE PERSONAL
Nombre personal Williamson P., Isabel
9 (RLIN) 4172
700 ## - ASIENTO SECUNDARIO - NOMBRE PERSONAL
Nombre personal Martínez Nieto, Patricia
9 (RLIN) 4173
942 ## - ELEMENTOS ADICIONALES (KOHA)
Tipo de ítem Informe Técnico
Sistema de clasificación Local
Existencias
Withdrawn status Lost status Sistema de Clasificación Damaged status No para préstamo Colección Inventariado Ubicación Permanente Ubicación actual Fecha de adquisición Total Checkouts Número topográfico Inventario / Código de Barras Date last seen Ejemplar Price effective from Forma de adquisición Tipo de material Public note
    Local     Humboldt Inventariado 2017 Bogotá Bogotá 22/03/2017   IAVH-0029 003808 09/08/2024 Ej. 1 22/03/2017 Institucional Informe Técnico Informe final